Armas de guerra / (Registro nro. 3726)
[ vista simple ]
| 000 -LEADER | |
|---|---|
| fixed length control field | 00875nam a2200241Ia 4500 |
| 003 - CONTROL NUMBER IDENTIFIER | |
| control field | OSt |
| 005 - DATE AND TIME OF LATEST TRANSACTION | |
| control field | 20201005135624.0 |
| 008 - FIXED-LENGTH DATA ELEMENTS--GENERAL INFORMATION | |
| fixed length control field | 191128s1978 ck a gr 000 0 spa d |
| 040 ## - CATALOGING SOURCE | |
| Original cataloging agency | CO-JMCR |
| Transcribing agency | CO-JMCR |
| 041 0# - LANGUAGE CODE | |
| Language code of text/sound track or separate title | spa |
| 082 04 - DEWEY DECIMAL CLASSIFICATION NUMBER | |
| Classification number | 623.4 / |
| Item number | H443a |
| Edition number | 23 |
| 100 1# - MAIN ENTRY--PERSONAL NAME | |
| Personal name | Hebden, Eric N., |
| Relator term | autor |
| 9 (RLIN) | 11221 |
| 245 10 - TITLE STATEMENT | |
| Title | Armas de guerra / |
| Statement of responsibility, etc. | Eric N. Hebden |
| 260 ## - PUBLICATION, DISTRIBUTION, ETC. | |
| Place of publication, distribution, etc. | Bogotá : |
| Name of publisher, distributor, etc. | Norma, |
| Date of publication, distribution, etc. | 1978. |
| 300 ## - PHYSICAL DESCRIPTION | |
| Extent | 48 Páginas : |
| Other physical details | ilustraciones a color ; |
| Dimensions | 27 cm. |
| 490 0# - SERIES STATEMENT | |
| Series statement | Lo extraño y lo maravilloso |
| 500 ## - GENERAL NOTE | |
| General note | Incluye índice de ilustraciones |
| 505 0# - FORMATTED CONTENTS NOTE | |
| Formatted contents note | Cañones y morteros -- Armas de fuego y portátiles -- pistolas y revólveres -- Cañones múltiples y ametralladoras -- Hondas y armas proyectoras -- Cohetes -- Armas blancas -- Máquinas de guerra |
| 650 24 - SUBJECT ADDED ENTRY--TOPICAL TERM | |
| Topical term or geographic name entry element | Cañones |
| 9 (RLIN) | 11222 |
| 650 24 - SUBJECT ADDED ENTRY--TOPICAL TERM | |
| Topical term or geographic name entry element | Pistolas |
| 9 (RLIN) | 11223 |
| 650 24 - SUBJECT ADDED ENTRY--TOPICAL TERM | |
| Topical term or geographic name entry element | Cohetes |
| 9 (RLIN) | 11224 |
| 942 ## - ADDED ENTRY ELEMENTS (KOHA) | |
| Source of classification or shelving scheme | Dewey Decimal Classification |
| Koha item type | Books |
| Withdrawn status | Lost status | Source of classification or shelving scheme | Materials specified (bound volume or other part) | Damaged status | Not for loan | Home library | Current library | Shelving location | Date acquired | Source of acquisition | Full call number | Barcode | Date last seen | Copy number | Price effective from | Koha item type |
|---|---|---|---|---|---|---|---|---|---|---|---|---|---|---|---|---|
| Dewey Decimal Classification | Donación--24/07/2018-- | Biblioteca Pública José María del Castillo y Rada | Biblioteca Pública José María del Castillo y Rada | General Stacks | 11/28/2019 | Donación | 623.4 / H443a | 201807717 | 05/16/2024 | Ej.1 | 11/28/2019 | Books |